Prénoms féminins les plus populaires par S - Statistiques

Statistiques générales
  • Ce quiz a été pris 1 739 fois
  • Le résultat moyen est 8 sur 15
Statistiques - réponses
Hint Réponse % Correct
4ème Sophie
82%
7ème Sarah
78%
3ème Sandrine
74%
1er Sylvie
74%
5ème Stéphanie
64%
9ème Sandra
62%
14ème Sabine
49%
10ème Séverine
49%
11ème Sabrina
47%
6ème Simone
44%
13ème Sonia
44%
2ème Suzanne
44%
12ème Solange
36%
15ème Sylviane
28%
8ème Simonne
10%
Aucun quiz correspondant
Distribution des résultats
% des personnes avec chaque résultat
Percentile par nombre de réponses
Votre historique - résultats
Vous n’avez pas pris ce quiz